[Event "CAN-ch U12 Girls"]
[Site "Sault Ste Marie"]
[Date "2017.07.09"]
[Round "6.79"]
[White "Van, Anna"]
[Black "Laird, Aili"]
[Result "1-0"]
[WhiteElo "1720"]
[BlackElo "982"]
[PlyCount "81"]
[EventDate "2017.07.06"]
[EventType "swiss"]
[EventRounds "7"]
[EventCountry "CAN"]
[SourceTitle "EXT 2022"]
[Source "ChessBase"]
[SourceDate "2021.10.06"]
[SourceVersion "1"]
[SourceVersionDate "2021.10.06"]
[SourceQuality "1"]

1. e4 d5 2. exd5 Qxd5 3. Nc3 Qe6+ 4. Be2 b6 5. Nf3 Qg6 6. Rg1 Bb7 7. d4 e6 8. Bd3 f5 9. Nb5 Bd6 10. Nxd6+ cxd6 11. Qe2 Be4 12. Bxe4 fxe4 13. Nh4 Qf6 14. Qxe4 d5 15. Qg4 Nc6 16. c3 e5 17. Bg5 Qf7 18. Nf5 Nh6 19. Bxh6 gxh6 20. Nd6+ Kf8 21. Nxf7 Kxf7 22. Qf5+ Kg8 23. Qe6+ Kf8 24. Qxc6 Rd8 25. Qf6+ Ke8 26. Qxh8+ Kd7 27. Qxd8+ Kxd8 28. dxe5 Ke7 29. Kd2 Ke6 30. Rge1 a5 31. f4 b5 32. f5+ Kxf5 33. e6 h5 34. e7 h4 35. e8Q Kg4 36. Qe2+ Kg5 37. Qe5+ Kg6 38. Rf1 h5 39. Rf6+ Kg7 40. Qg5+ Kh7 41. Rh6# 1-0

[Event "CAN-ch U12 Girls"]
[Site "Sault Ste Marie"]
[Date "2017.07.06"]
[Round "1.76"]
[White "Van, Anna"]
[Black "Tsukerman, Julia"]
[Result "0-1"]
[WhiteElo "1720"]
[BlackElo "1371"]
[PlyCount "158"]
[EventDate "2017.07.06"]
[EventType "swiss"]
[EventRounds "7"]
[EventCountry "CAN"]
[SourceTitle "EXT 2022"]
[Source "ChessBase"]
[SourceDate "2021.10.06"]
[SourceVersion "1"]
[SourceVersionDate "2021.10.06"]
[SourceQuality "1"]

1. e4 c5 2. Nc3 Nc6 3. f4 e6 4. Nf3 a6 5. Be2 d6 6. 0-0 Nge7 7. d3 g6 8. Kh1 Bg7 9. Qe1 0-0 10. Qh4 b5 11. Nd1 Qc7 12. Nf2 f5 13. g4 Nd4 14. Bd1 Nxf3 15. Bxf3 Bb7 16. Nh3 Qd7 17. Ng5 h6 18. Nh3 d5 19. exf5 exf5 20. g5 h5 21. Qf2 d4 22. Bxb7 Qxb7+ 23. Qg2 Nd5 24. Re1 Rae8 25. Bd2 Kf7 26. c4 dxc3 27. bxc3 Qd7 28. Rec1 Ne3 29. Bxe3 Rxe3 30. d4 c4 31. Ng1 Rfe8 32. Qd2 Qd6 33. Rf1 Qd5+ 34. Qg2 Qxg2+ 35. Kxg2 Rxc3 36. Rad1 Rd8 37. Nf3 Rc2+ 38. Rf2 Rxf2+ 39. Kxf2 b4 40. Ne5+ Bxe5 41. fxe5 Ke6 42. Ke3 Kd5 43. Rb1 a5 44. Rd1 a4 45. Kd2 Ke4 46. Kc2 f4 47. e6 Kf5 48. d5 Re8 49. Re1 f3 50. e7 f2 51. Rf1 Rxe7 52. Rxf2+ Ke5 53. Rf3 Kxd5 54. Rf2 Re3 55. Rd2+ Kc5 56. Kb1 b3 57. Rd1 c3 58. Rc1 Kb4 59. axb3 axb3 60. h4 Ka3 61. Rf1 b2 62. Kc2 Ka2 63. Rd1 b1Q+ 64. Rxb1 Re2+ 65. Kxc3 Kxb1 66. Kd3 Rh2 67. Ke3 Rxh4 68. Kf3 Rg4 69. Ke3 h4 70. Kf3 Rxg5 71. Kf4 Rg1 72. Kf3 h3 73. Kf2 h2 74. Ke3 h1Q 75. Kd4 Qh5 76. Ke4 Rg4+ 77. Kd3 Qh3+ 78. Ke2 Rg2+ 79. Kd1 Qh1# 0-1

[Event "CAN-ch U10 Girls"]
[Site "Windsor"]
[Date "2015.07.07"]
[Round "3.113"]
[White "Van, Anna"]
[Black "Qiao, Joey"]
[Result "0-1"]
[WhiteElo "754"]
[BlackElo "1116"]
[PlyCount "108"]
[EventDate "2015.07.06"]
[EventType "swiss"]
[EventRounds "7"]
[EventCountry "CAN"]
[SourceTitle "EXT 2022"]
[Source "ChessBase"]
[SourceDate "2021.10.06"]
[SourceVersion "1"]
[SourceVersionDate "2021.10.06"]
[SourceQuality "1"]

1. e4 e5 2. Nf3 Nc6 3. Bc4 Bc5 4. c3 Nf6 5. d3 h6 6. Nbd2 d6 7. Nf1 Be6 8. Bxe6 fxe6 9. Ng3 0-0 10. d4 exd4 11. cxd4 Bb6 12. Be3 Ng4 13. Qb3 d5 14. e5 Nxe3 15. Qxe3 Qe7 16. 0-0 Qb4 17. Qc3 a5 18. Rfd1 Rf4 19. Ne2 Rf7 20. a3 Qe7 21. Rd3 Raf8 22. Rb1 Qd8 23. b4 axb4 24. axb4 Ne7 25. g3 Qd7 26. Rf1 Qc6 27. Nf4 Qd7 28. Nh4 Nf5 29. Nxf5 Rxf5 30. Ng6 Re8 31. Rf3 Qf7 32. Rxf5 Qxf5 33. Nh4 Qe4 34. Rd1 Qe2 35. Re1 Qg4 36. Qf3 Qxd4 37. b5 Rf8 38. Qe3 Qc4 39. Qe2 Bxf2+ 40. Kf1 Bxg3+ 41. Kg1 Bxe1 42. Qxe1 Qxb5 43. Ng6 Qc5+ 44. Kg2 Qc2+ 45. Kh1 Qxg6 46. Qg3 Qxg3 47. hxg3 b5 48. Kh2 b4 49. Kh3 b3 50. Kh4 b2 51. g4 b1Q 52. Kh5 Kh7 53. Kh4 Qh1+ 54. Kg3 Rf3# 0-1